Jornada informativa /
Descripción Física:
65 pàgines : il·lustracions ; 30 cm
Idioma:
Catalán
MARC
| LEADER | 00000nam a2200000uc 4500 | ||
|---|---|---|---|
| 001 | 1016881 | ||
| 008 | s2010||||sp ||||gr|||| ||| ||cat|d | ||
| 040 | |a BGR |b cat | ||
| 080 | |a Bib-721 | ||
| 245 | 0 | 0 | |a Jornada informativa / |c Intervenció - Secretaria. Direcció Serveis Planificació Econòmica : 21 i 22 de gener de 2010 |
| 260 | |a Barcelona : |b Diputació.de Barcelona, Intervenció General, |c 2010 | ||
| 300 | |a 65 pàgines : |b il·lustracions ; |c 30 cm | ||
| 630 | 0 | |9 53815 |a SAP (Fitxer informàtic) | |
| 650 | 0 | |a Gestió de tresoreria |9 53666 |z Barcelona (Província) | |
| 710 | |9 53816 |a Barcelona (Catalunya : Província). |b Intervenció General | ||
| 942 | |c ARXIU |2 udc |n 1 | ||
| 952 | |0 0 |1 0 |4 0 |6 BIB721 |7 1 |9 62692 |a Arxiu |b Arxiu |d 2022-07-07 |l 0 |o Bib-721 |p 26181 |r 2022-07-07 00:00:00 |w 2022-07-07 |y ARXIU |z Donatiu BGR | ||
| 999 | |c 21185 |d 21185 | ||